| 000 | 00697nam a2200289Ia 4500 | ||
|---|---|---|---|
| 001 | Z_947 | ||
| 003 | CHAP | ||
| 008 | 220113s1988 xx 000 0 und d | ||
| 010 | _a164023 | ||
| 040 | _cCHAP | ||
| 082 | _a001.6424 H47 | ||
| 100 |
_aHergert, Douglas _953733 |
||
| 245 |
_aMastering Turbo Pascal 5 / _cby Douglas Hergert |
||
| 260 |
_aSan Francisco, Ca. : _bSybex, _c1988 |
||
| 300 |
_a595 p. : _bilus. |
||
| 440 | _a | ||
| 500 | _a | ||
| 503 | _a143573 | ||
| 650 |
_aLenguajes de programación I. t. _9138084 |
||
| 650 |
_aTurbo Pascal (Programación) _9115591 |
||
| 901 | _a001.6424 H47 | ||
| 902 | _aA | ||
| 910 | _a1988 | ||
| 942 | _c1 | ||
| 942 | _cc1 | ||
| 999 |
_c164023 _d164023 |
||